00321nam a22000977a 4500008004100000082001500041100002400056245011000080260002500190300000800215230703b xxu||||| |||| 00| 0 eng d a352.4bMOF cMinistry of Finance a2005/2006 Headquater's Sub-Itemised Budget of the Government of Kenya For the Year Ending 30th June, 2006 bMinistry of Finance  a49p